00321nam a2200133Ia 45000030006000000080041000060400015000471000023000622450043000852600026001283000006001545460010001600050017001700STCL150530s9999 xx 000 0 und d aSTCLcSTCL aViswanath Iyer N E aVyaparik Aur Prashasnik Patra Vyavahar bSwathi ; Cochinc1979 a0 aHindi20220125171318.0